000 00298nam a22001337a 4500
008 171027b xxu||||| |||| 00| 0 eng d
020 _a047140170
041 _aeng
080 _23RD
_a336
100 _a56
101 _aFIN
245 _aFINANCIAL STATEMENT ANALYSIS
_cFRIDSON,M
942 _2udc
_cBK
999 _c36182
_d36182